| 000 | 00735nam a22001337a 4500 | ||
|---|---|---|---|
| 040 | _cRUA | ||
| 082 | _aVEM SAO 2015 B525 Or.1 | ||
| 100 | _aSAO SOPHEA; សៅ សោភា | ||
| 245 | _aPrevalence of gastro intestinal parasite in crocodiles at puok district, siem reap province; កម្រិតរាលដាលបរាសិតក្នុងក្រពះពោះវៀនក្រពើដោយប្រើចំណីពីរប្រភេទនៅកសិដ្ឋាន ស្រុកពួក ខេត្តសៀមរាប | ||
| 260 |
_aPhnom Penh _bRUA _c2015 |
||
| 300 |
_aviii; 40p; _bill; _c29cm; |
||
| 856 | _uhttps://drive.google.com/file/d/1M8DoNiA_xrvhXVoA4hw8LtgyeQOWTWAQ/view?usp=sharing | ||
| 942 | _cVEM | ||
| 999 |
_c10633 _d10633 |
||